000 00481 a2200157 4500
999 _c4580
_d4580
010 _aENG-86457
020 _a0143061984
_c250.00
035 _aEN-69990
037 _bDBAD / PUB
082 1 4 _a000
245 1 _aDerek O,Brien's essential knowledge quiz book /
260 _aNew Delhi
_bPenguin Books
_c2006
270 _a11, Community Centre, Panchsheel Park
_bNew Delhi
_cWest Bengal
_e110 017
300 _ax,341 p.
_c20cm (Pbk)
942 _adpl
_cEN
_2ddc
_h000
_mDER